<?xml version="1.0" encoding="UTF-8"?>
<collection xmlns="http://www.loc.gov/MARC21/slim">
    <record>
        <controlfield tag="001">64492</controlfield>
        <controlfield tag="005">20190709135445.0</controlfield>
        <datafield tag="024" ind1="7" ind2=" ">
            <subfield code="2">doi</subfield>
            <subfield code="a">10.3989/aearte.2017.04</subfield>
        </datafield>
        <datafield tag="024" ind1="8" ind2=" ">
            <subfield code="2">sideral</subfield>
            <subfield code="a">99168</subfield>
        </datafield>
        <datafield tag="037" ind1=" " ind2=" ">
            <subfield code="a">ART-2017-99168</subfield>
        </datafield>
        <datafield tag="041" ind1=" " ind2=" ">
            <subfield code="a">spa</subfield>
        </datafield>
        <datafield tag="100" ind1=" " ind2=" ">
            <subfield code="0">(orcid)0000-0001-7723-2238</subfield>
            <subfield code="a">Tarifa Castilla, María Josefa</subfield>
            <subfield code="u">Universidad de Zaragoza</subfield>
        </datafield>
        <datafield tag="245" ind1=" " ind2=" ">
            <subfield code="a">El comercio de estampas entre roma y España a finales del siglo XVI: El caso del mercader Italiano Antonio Pisano</subfield>
        </datafield>
        <datafield tag="260" ind1=" " ind2=" ">
            <subfield code="c">2017</subfield>
        </datafield>
        <datafield tag="506" ind1="0" ind2=" ">
            <subfield code="a">Access copy available to the general public</subfield>
            <subfield code="f">Unrestricted</subfield>
        </datafield>
        <datafield tag="520" ind1="3" ind2=" ">
            <subfield code="a">El presente estudio revela la llegada al norte de España de estampas y libros adquiridos en Roma en el viaje realizado entre 1582 y 1583 por el italiano Antonio Pisano, financiado gracias a la compañía mercantil temporal establecida entre éste y el genovés Juan Luis de Musante, maestro mayor de obras reales de Felipe II en Navarra, residentes en Pamplona. Grabados de temática sacra y profana realizados por destacados artistas de la época, como el holandés Cornelis Cort y los mantuanos Adamo y Diana Ghisi, además de libros de figuras, algunos de artistas tan sobresalientes como Michelangelo o Polidoro da Caravaggio.    This study reveals the arrival of prints and books to the North of Spain acquired by the Italian merchant Antonio Pisano in Rome during a trip of 1582-1583. The voyage was financed thanks to the temporary commercial company established between Pisano and the Genoese Juan Luis de Musante, royal master-builder to Felipe II in Navarre, and both residents in Pamplona. The works include engravings of sacred and profane themes by the most important engravers of the epoch, such as the Dutch Cornelis Cort and the Mantuans Adamo and Diana Ghisi, in addition to books of figures, some by outstanding artists such as Michelangelo or Polidoro da Caravaggio.</subfield>
        </datafield>
        <datafield tag="540" ind1=" " ind2=" ">
            <subfield code="9">info:eu-repo/semantics/openAccess</subfield>
            <subfield code="a">by</subfield>
            <subfield code="u">http://creativecommons.org/licenses/by/3.0/es/</subfield>
        </datafield>
        <datafield tag="592" ind1=" " ind2=" ">
            <subfield code="a">0.11</subfield>
            <subfield code="b">2017</subfield>
        </datafield>
        <datafield tag="593" ind1=" " ind2=" ">
            <subfield code="a">Visual Arts and Performing Arts</subfield>
            <subfield code="c">2017</subfield>
            <subfield code="d">Q3</subfield>
        </datafield>
        <datafield tag="655" ind1=" " ind2="4">
            <subfield code="a">info:eu-repo/semantics/article</subfield>
            <subfield code="v">info:eu-repo/semantics/publishedVersion</subfield>
        </datafield>
        <datafield tag="710" ind1="2" ind2=" ">
            <subfield code="1">3007</subfield>
            <subfield code="2">465</subfield>
            <subfield code="a">Universidad de Zaragoza</subfield>
            <subfield code="b">Dpto. Historia del Arte</subfield>
            <subfield code="c">Área Historia del Arte</subfield>
        </datafield>
        <datafield tag="773" ind1=" " ind2=" ">
            <subfield code="g">90, 357 (2017), 49-66</subfield>
            <subfield code="p">Arch. esp. arte</subfield>
            <subfield code="t">Archivo español de arte</subfield>
            <subfield code="x">0004-0428</subfield>
        </datafield>
        <datafield tag="856" ind1="4" ind2=" ">
            <subfield code="s">3404611</subfield>
            <subfield code="u">http://zaguan.unizar.es/record/64492/files/texto_completo.pdf</subfield>
            <subfield code="y">Versión publicada</subfield>
        </datafield>
        <datafield tag="856" ind1="4" ind2=" ">
            <subfield code="s">70341</subfield>
            <subfield code="u">http://zaguan.unizar.es/record/64492/files/texto_completo.jpg?subformat=icon</subfield>
            <subfield code="x">icon</subfield>
            <subfield code="y">Versión publicada</subfield>
        </datafield>
        <datafield tag="909" ind1="C" ind2="O">
            <subfield code="o">oai:zaguan.unizar.es:64492</subfield>
            <subfield code="p">articulos</subfield>
            <subfield code="p">driver</subfield>
        </datafield>
        <datafield tag="951" ind1=" " ind2=" ">
            <subfield code="a">2019-07-09-11:38:09</subfield>
        </datafield>
        <datafield tag="980" ind1=" " ind2=" ">
            <subfield code="a">ARTICLE</subfield>
        </datafield>
    </record>

    
</collection>